000 00260nam a22001217a 4500
008 170630b xxu||||| |||| 00| 0 eng d
041 _aeng
080 _a05
100 _a22
101 _aGJL
245 _aTHE CUROUS WRITER
_cBALLENGER.B
942 _2udc
_cBK
999 _c19701
_d19701